000 00537nam a2200169 i 4500
001 85793
003 ES-MaACL
005 20230906175318.0
007 t|
008 041201s1979 sp f |||| | spa d
100 1 _aJunquera, Juan José.
_967308
245 1 3 _aLa decoración y el mobiliario de los palacios de Carlos IV /
_cJuan José Junquera.
260 _aMadrid :
_bSala,
_c1979.
300 _a396 p. :
_b76 lám. ;
_c23 cm.
650 4 _aDecoración y ornamentación arquitectónica-
_zEspaña.
_9151437
852 _aES-MaACL
_jE-370
999 _c85793
_d85793